000 00624nam a2200229Ia 4500
003 OSt
005 20221007071058.0
006 a|||||r|||| 00| 0
007 ta
008 221006b |||||||| |||| 00| 0 eng d
024 _a24,224
037 _cTextual
040 _aFLL
_cFLL
_beng
041 _2eng
_aeng
082 _aZ2:33, G3
100 _aSachdeva Manohar Lal
_9688093
245 0 _aPrinciples of the law of partnership
260 _aLahore
_bSir Shadi Lal Buildings Lahore
_c1933
300 _a1-193p
_ccm.
942 _hZ2:33, G3
_cTEXL
_2CC
999 _c1142382
_d1142382